Mary Queen of Scot sand her hopeless husbands / (Record no. 50)
[ view plain ]
| 000 -LEADER | |
|---|---|
| fixed length control field | 00936nam a22002297a 4500 |
| 001 - CONTROL NUMBER | |
| control field | 50 |
| 005 - DATE AND TIME OF LATEST TRANSACTION | |
| control field | 20241129083650.0 |
| 008 - FIXED-LENGTH DATA ELEMENTS--GENERAL INFORMATION | |
| fixed length control field | 230217b cb ||||| |||| 00| 0 eng d |
| 040 ## - CATALOGING SOURCE | |
| Transcribing agency | FISKH |
| Original cataloging agency | eng |
| Modifying agency | FISKH |
| Description conventions | FISKH |
| 082 ## - DEWEY DECIMAL CLASSIFICATION NUMBER | |
| Classification number | 900 |
| 100 ## - MAIN ENTRY--PERSONAL NAME | |
| Personal name | Simoson, Margaret |
| 245 ## - TITLE STATEMENT | |
| Title | Mary Queen of Scot sand her hopeless husbands / |
| Statement of responsibility, etc. | Margaret Simpson |
| 260 ## - PUBLICATION, DISTRIBUTION, ETC. | |
| Place of publication, distribution, etc. | London : |
| Name of publisher, distributor, etc. | Scholastic ; |
| Date of publication, distribution, etc. | 2003. |
| 300 ## - PHYSICAL DESCRIPTION | |
| Extent | 208 pages : |
| Other physical details | illustrations ; |
| Dimensions | 20 cm. |
| 490 ## - SERIES STATEMENT | |
| Series statement | Horribly Famous |
| 520 ## - SUMMARY, ETC. | |
| Summary, etc. | Mary Queen of Scots is dead famous for: having terrible taste in husbands, rotting away in Liz 1's prison and, totally losing her head - on the chopping block. This work presents the inside story. It lets readers discover some Prickly Thistle Facts about the Scottish Queen and her hopeless husbands. |
| 521 ## - TARGET AUDIENCE NOTE | |
| Target audience note | 1050 |
| Source | Lexile |
| 521 ## - TARGET AUDIENCE NOTE | |
| Target audience note | Z <br/> |
| Source | Raz-Plus <br/> |
| 650 ## - SUBJECT ADDED ENTRY--TOPICAL TERM | |
| Topical term or geographic name entry element | Mary Queen of Scots |
| Form subdivision | non-fiction |
| 942 ## - ADDED ENTRY ELEMENTS (KOHA) | |
| Source of classification or shelving scheme | Dewey Decimal Classification |
| Koha item type | Books |
| Suppress in OPAC | No |
| Withdrawn status | Lost status | Source of classification or shelving scheme | Damaged status | Not for loan | Collection | Home library | Current library | Shelving location | Date acquired | Total Checkouts | Full call number | Barcode | Date last seen | Copy number | Price effective from | Koha item type |
|---|---|---|---|---|---|---|---|---|---|---|---|---|---|---|---|---|
| Library of Congress Classification | Non-Fiction | Footprints International School Library Network Toul Kork Campus | Footprints International School Library Network Toul Kork Campus | 02/17/2023 | SIM 900 | FIS05365 | 02/17/2023 | 1 | 02/17/2023 | Books | ||||||
| Library of Congress Classification | Non-Fiction | Footprints International School Library Network Toul Kork Campus | Footprints International School Library Network Toul Kork Campus | 02/17/2023 | SIM 900 | FISSE00034 | 02/17/2023 | 2 | 02/17/2023 | Books | ||||||
| Library of Congress Classification | Non-Fiction | Footprints International School Library Network Toul Kork Campus | Footprints International School Library Network Toul Kork Campus | TTP Secondary Non-Fiction Bookshelves | 02/17/2023 | SIM 900 | 2024-2388 | 11/28/2024 | 3 | 02/17/2023 | Books | |||||
| Library of Congress Classification | Non-Fiction | Footprints International School Library Network Toul Kork Campus | Footprints International School Library Network Toul Kork Campus | TTP Secondary Non-Fiction Bookshelves | 02/17/2023 | SIM 900 | 2024-2395 | 11/28/2024 | 4 | 02/17/2023 | Books |
